Statystyki dla Państwa byłego ZSRR - flagi

Kliknij tutaj aby rozwiązać quiz!

Ogólne statystyki

  • Ten quiz został rozwiązany 41 razy
  • Średni wynik to 15 z 16

Statystyki odpowiedzi

Odpowiedź% Poprawnych
Białoruś
100%
Estonia
100%
Kazachstan
100%
Litwa
100%
Łotwa
100%
Polska
100%
Rosja
100%
Ukraina
100%
Gruzja
97%
Mołdawia
97%
Armenia
94%
Turkmenistan
91%
Uzbekistan
89%
Azerbejdżan
86%
Kirgistan
83%
Tadżykistan
80%

Rozkład punktacji

Percentyl według liczby udzielonych odpowiedzi

Procent ludzi z każdym wynikiem

Twoja historia wyników

Nie rozwiązałeś tego quizu